ბათუმის შოთა რუსთაველის სახელმწიფო უნივერსიტეტის ბიბლიოთეკა

სიტყვათშემოკლებანი ქართულ ბიბლიოგრაფიულ ჩანაწერებში (ბიბ.ჩანაწერი № 52559)

000 -LEADER
fixed length control field 01340nam a2200265Ia 4500
001 - CONTROL NUMBER
control field 19583
003 - CONTROL NUMBER IDENTIFIER
control field GE_BSU
008 - FIXED-LENGTH DATA ELEMENTS--GENERAL INFORMATION
fixed length control field 181216s||||||||xx |||||||||||||| ||und||
020 ## - INTERNATIONAL STANDARD BOOK NUMBER
International Standard Book Number 9789941040054
040 ## - CATALOGING SOURCE
Transcribing agency GE_BSU
080 ## - UNIVERSAL DECIMAL CLASSIFICATION NUMBER
Universal Decimal Classification number 02
245 ## - TITLE STATEMENT
Title სიტყვათშემოკლებანი ქართულ ბიბლიოგრაფიულ ჩანაწერებში
245 ## - TITLE STATEMENT
Remainder of title მეთოდურ-ინსტრუქციული წერილი ბიბლიოთეკევის დასახმარებლად
245 ## - TITLE STATEMENT
Statement of responsibility, etc. შემდგ. ნ. ქავთარაძე. რედ. გ. თაყნიაშვილი. მ.ზამბახიძე
250 ## - EDITION STATEMENT
Edition statement მე-2 შევსებ.გამოც.
260 ## - PUBLICATION, DISTRIBUTION, ETC.
Place of publication, distribution, etc. თბილისი
260 ## - PUBLICATION, DISTRIBUTION, ETC.
Date of publication, distribution, etc. 2012
300 ## - PHYSICAL DESCRIPTION
Extent 32გვ.ცხრ.
653 ## - INDEX TERM--UNCONTROLLED
Uncontrolled term ბიბლიოთეკარი
653 ## - INDEX TERM--UNCONTROLLED
Uncontrolled term მეთოდურ-ინსტრუქციული წერილი ბიბლიოთეკევის დასახმარებლად
653 ## - INDEX TERM--UNCONTROLLED
Uncontrolled term სიტყვათშემოკლებანი ქართულ ბიბლიოგრაფიულ ჩანაწერებში
653 ## - INDEX TERM--UNCONTROLLED
Uncontrolled term ქსეროქსი
942 ## - ADDED ENTRY ELEMENTS (KOHA)
Koha item type წიგნი
ეგზემპლარები
Withdrawn status Lost status Damaged status Not for loan Date acquired Barcode Date last seen Price effective from Koha item type Public note
        2018-12-17 00383 ქსეროქსი 2018-12-17 2018-12-17 წიგნი ქსეროქსი